000 01011nam a22003017a 4500
003 CHAP
005 20250613133125.0
008 971013s1968 mx r 00010 spa d
010 _a48647
011 _a49619
035 _a53768
040 _cCHAP
090 _aR-1534
100 0 0 _aVelasco Pascual, Hermenegildo.
_9118425
245 1 _aBiología y control del gusano barrenador Thecla sp. de la piña en el sureste de México
500 _aSobretiro de: Agricultura técnica en México 2(9): 3-11, 1968
590 _aBATCH-UPD
_b10
_c20130110
_lUCH01
_h0114
590 _aBATCH-UPD
_b10
_c20130110
_lUCH01
_h2221
590 _aBATCH-UPD
_b10
_c20130409
_lUCH01
_h2106
590 _aBATCH-UPD
_b10
_c20130914
_lUCH01
_h1914
590 _aCONVERSION
_b10
_c20130109
_lUCH01
_h1327
650 1 7 _aPiña (Ananas comosus)
_xPlagas
_2
_988418
650 1 4 _aThecla.
_9112737
901 _aBK
942 _cFOLL
949 _aR-1534
_bBC
_cR
_d-119009
_eTS1
_i53768
_si
949 _aR-1534
_bBC
_cR
_d-119010
_eTS2
_fc.2
_i53768
_si
999 _c48647
_d48647